| 000 | 00415nam a2200181Ia 4500 | ||
|---|---|---|---|
| 008 | 210723s9999||||xx |||||||||||||| ||und|| | ||
| 020 | _a978-81-8498-224-4 | ||
| 035 | _a27855 | ||
| 082 |
_a891.464 _BMIR |
||
| 100 | _aMirasdar, D. M. | ||
| 245 | 0 | _aGappangan | |
| 250 | _a5th | ||
| 260 |
_aPune _bMehta Publishing House |
||
| 300 | _a136 | ||
| 500 | _a41183 | ||
| 650 | _aMarathi Short Stories | ||
| 942 | _cBK | ||
| 999 |
_c46183 _d46183 |
||